|
|
|
|
| LEADER |
01259nam a2200349Ia 4500 |
| 001 |
EBC320651 |
| 003 |
MiAaPQ |
| 005 |
20200520144314.0 |
| 006 |
m o d | |
| 007 |
cr cn||||||||| |
| 008 |
000815s2007 enk s 000 0 eng d |
| 020 |
|
|
|z 9781846636080
|
| 035 |
|
|
|a (MiAaPQ)EBC320651
|
| 035 |
|
|
|a (Au-PeEL)EBL320651
|
| 035 |
|
|
|a (CaPaEBR)ebr10196421
|
| 035 |
|
|
|a (CaONFJC)MIL107924
|
| 035 |
|
|
|a (OCoLC)935266004
|
| 040 |
|
|
|a MiAaPQ
|c MiAaPQ
|d MiAaPQ
|
| 050 |
|
4 |
|a HF1379
|b .A55 2007
|
| 245 |
0 |
0 |
|a Alleviating poverty through trade
|h [electronic resource] /
|c guest editors Dr. David Lamond and Dr. Rocky Dwyer.
|
| 260 |
|
|
|a Bradford, England :
|b Emerald Group Publishing,
|c c2007.
|
| 300 |
|
|
|a 187 p.
|
| 490 |
1 |
|
|a Management Decision ;
|v 45, no. 8
|
| 533 |
|
|
|a Electronic reproduction. Ann Arbor, MI : ProQuest, 2015. Available via World Wide Web. Access may be limited to ProQuest affiliated libraries.
|
| 650 |
|
0 |
|a International trade.
|
| 650 |
|
0 |
|a Poverty.
|
| 655 |
|
4 |
|a Electronic books.
|
| 700 |
1 |
|
|a Lamond, David.
|
| 700 |
1 |
|
|a Dwyer, Rocky.
|
| 710 |
2 |
|
|a ProQuest (Firm)
|
| 830 |
|
0 |
|a Management decision ;
|v 45, no. 8.
|
| 856 |
4 |
0 |
|u https://ebookcentral.proquest.com/lib/matrademy/detail.action?docID=320651
|z Click to View
|